Art škôlka
Enregistré dans:
| Auteur principal: | |
|---|---|
| Autres auteurs: | |
| Format: | Manuscrit Livre |
| Langue: | slovaque |
| Publié: |
Bratislava
2017
|
| Sujets: | |
| Accès en ligne: | http://is.stuba.sk/zp/portal_zp.pl?podrobnosti=111635 |
| Tags: |
Pas de tags, Soyez le premier à ajouter un tag!
|
MARC
| LEADER | 00000ntm a22000003a 4500 | ||
|---|---|---|---|
| 001 | stuzp63913 | ||
| 003 | SK-STU | ||
| 005 | 20210201074317.7 | ||
| 007 | ta | ||
| 008 | 150427s2015----xo-----f-mn---000-0-slo-d | ||
| 040 | |a STU |b slo | ||
| 041 | 0 | |a slo | |
| 100 | 1 | |a Jakeš, Erik |u 051110 |4 aut |U FAD Fakulta architektúry |T FA Ústav architektúry obytných budov |X 65334 |U A1110 |Y 392 |7 65334 | |
| 242 | 0 | 1 | |a Art kindergarten |y eng |
| 245 | 1 | 0 | |a Art škôlka |
| 260 | |c 2017 |a Bratislava | ||
| 650 | 4 | |a materská škola |2 slo | |
| 650 | 4 | |a átrium |2 slo | |
| 650 | 4 | |a Chorvátske rameno |2 slo | |
| 650 | 4 | |a umenie |2 slo | |
| 650 | 4 | |a kindergarten |2 eng | |
| 650 | 4 | |a Chorvátske rameno |2 eng | |
| 650 | 4 | |a atrium |2 eng | |
| 650 | 4 | |a art |2 eng | |
| 700 | 1 | |a Pavúk, Ján |u 051110 |k Z1 |4 ths |U FAD Fakulta architektúry |T FA Ústav architektúry obytných budov |X 38065 |U A1110 |Y 392 |7 A000038065 | |
| 856 | 4 | |u http://is.stuba.sk/zp/portal_zp.pl?podrobnosti=111635 |u https://opac.crzp.sk/?fn=detailBiblioForm&sid=85D30AFD358849054D99BD4E20A9 | |